Statistics for The New Zealand Quiz #3

Click here to take the quiz!

General Stats

  • This quiz has been taken 291 times
  • The average score is 6 of 20

Answer Stats

HintAnswer% Correct
What was the name of the rugby team touring NZ in 1981 which sparked heavy riotsThe Springboks
73%
What is known as sweet potatoKumara
70%
Which sport is Peter Snell famous forRunning
59%
What was the name of Captain Cook's shipThe Endeavour
51%
Who was the first Maori Chief to sign the Treaty of WaitangiHone Heke
48%
What form of government is used in NZDemocracy
37%
Who is on our $100 noteErnest Rutherford
36%
Which NZ author-illustrator created the much-loved character Hairy Maclary from Donaldson's DairyLynley Dodd
35%
Who founded the Women's Franchise League to fight for votes for womenKate Sheppard
33%
Which NZ author wrote " A Lion in the Meadows"Margaret Mahy
31%
What is the largest company in NZFonterra
28%
What is the name of the strait between the South Island and Stewart IslandFoveaux Strait
26%
Which famous comet was seen from NZ in 1986Halley's Comet
25%
Who represented NZ in both rugby and cricket while still a teenagerJeff Wilson
16%
Which is the longest navigable river in NZWhanganui River
16%
What is the deepest lake in NZLake Hauroko
15%
Who composed the most famous haka - "Ka Mate, Ka Mate"Te Rauparaha
13%
Who wrote the national anthem of NZThomas Bracken
5%
What is the name of the world's highest sea cliffMitre Peak
4%
Who was the first New Zealander to win an Olympic MedalHarry Kerr
1%

Score Distribution

Percentile by Number Answered

Percent of People with Each Score

Your Score History

You have not taken this quiz